Právo pre ekonómov základy práva
Salvato in:
| Autore principale: | |
|---|---|
| Ente Autore: | |
| Altri autori: | , |
| Natura: | Libro |
| Lingua: | slovacco |
| Pubblicazione: |
Bratislava
IURA EDITION
1998
|
| Serie: | Vysokoškolské učebnice
|
| Soggetti: | |
| Tags: |
Nessun Tag, puoi essere il primo ad aggiungerne!!
|
MARC
| LEADER | 00000nam a2200000 4500 | ||
|---|---|---|---|
| 001 | c103119 | ||
| 005 | 20221123133341.2 | ||
| 020 | |a 80-88715-46-6 | ||
| 041 | 0 | |a slo | |
| 044 | |a SK | ||
| 245 | 1 | 0 | |a Právo pre ekonómov |b základy práva |c vypracoval kolektív autorov pod vedením Mikuláša Saba |
| 264 | 1 | |a Bratislava |b IURA EDITION |c 1998 | |
| 300 | |a 274 s. | ||
| 490 | 1 | |a Vysokoškolské učebnice | |
| 830 | 0 | |a Vysokoškolské učebnice | |
| 610 | 2 | 0 | |a právo |
| 610 | 2 | 0 | |a právo štátne |
| 610 | 2 | 0 | |a systémy právne |
| 610 | 2 | 0 | |a normy právne |
| 610 | 2 | 0 | |a vzťahy občianskoprávne |
| 610 | 2 | 0 | |a vzťahy právne |
| 610 | 2 | 0 | |a právo ústavné |
| 610 | 2 | 0 | |a moc zákonodarná |
| 610 | 2 | 0 | |a moc výkonná |
| 610 | 2 | 0 | |a súdy |
| 610 | 2 | 0 | |a ekonómovia |
| 100 | 1 | |a Sabo, Mikuláš | |
| 700 | 1 | |a Jánošíková, Alžbeta | |
| 700 | 1 | |a Šebestová, Oľga | |
| 710 | 2 | |a Ekonomická univerzita v Bratislave | |